Регионална библиотека "Любен Каравелов" - Русе

Конституция на Народна република България (Запис номер 129517)

MARC детайли
000 -Лидер
Контролно поле с фиксирана дължина 02025nam a2200385 a 4500
003 - Код на организацията, давaща контролен номер
Контролно поле BLK
005 - Дата и час на последна редакция
Контролно поле 20250118152422.0
008 - Елементи от данни с фиксирана дължина
fixed length control field 180409b bul|||||r ||||||| ||bul||
010 ## - Наследен системен номер
LC control number KNG00135254000
040 ## - Източник на каталожния запис
Идентификатор на билиотеката - собственик на записа BLK
041 ## - Код за език
Код за езика на текст/звукозапис или на отделно заглавие Български
Код за езика КДБФ Български
080 ## - УДК
Текстов определител УДК Конституции. Законодателни събрания. Народни събрания
УДК код - определител по УДК 342.4
УДК определител (497.2)(075.2)
УДК - код + определител 342.4(497.2)(075.2)
100 1# - Редна дума - Автор
Автор Божинов, Воин Трайков
Авторска отговорност първи автор
R(LIN) 321710
139 ## - Редно поле
Редна дума Божинов, Воин Трайков
Авторски знак Бож - Б 56
245 10 - Сведения за заглавието
Заглавие Конституция на Народна република България
Подзаглавни данни Учебник за VIII кл. на общообраз. трудово-политехн. у-ща
Редно поле (дума) Воин Трайков Божинов.
250 ## - Област на изданието
Сведения за изданието 5. прераб. изд.
257 ## - Страна на издаване
Страна на създаване/издаване България
260 ## - Област на издателските данни
Място на издаване, разпространение и проч. София
Име на издателя, разпространителя и проч. Нар. просв.
Година на издаване 1964
Печатница В. Търново : Д. Найденов
300 ## - Физическа характеристика
Страници 28 с.
Илюстрации и др. с ил.
Размери/Мащаб 25 см
380 ## - Жанр
Жанр Обществени науки
500 ## - Общи забележки
Забележка Предходните изд. са излезли като част от кн. : Воин Божинов, Златка Станчева и Александър Велев. със загл. История : Учебник за VIII кл. на общообраз. трудово-политехн. у-ща. - 132 063 тир.
650 #4 - Допълнително описание по предмет – тема
Основно описание – тема или топоним България - конституция - учебници
9 (RLIN) 321712
650 #7 - Допълнително описание по предмет – тема
Основно описание – тема или топоним България - история - учебници за основни училища
Източник на редна или ключова дума
9 (RLIN) 149566
651 #4 - Допълнително описание по предмет - топоним
Географско понятие България
9 (RLIN) 241624
653 ## - Ключова дума – ненормативна
Ключова дума Конституция
653 ## - Ключова дума – ненормативна
Ключова дума България
653 ## - Ключова дума – ненормативна
Ключова дума учебници за основни училища
653 ## - Ключова дума – ненормативна
Ключова дума VІІІ кл.
852 ## - Местоположение
Форматна сигнатура Цб 30928
Фондова буква Хранилище
856 4# - Електронен адрес и достъп
Електронен формат pdf - файл
856 4# - Електронен адрес и достъп
Електронен формат pdf - файл
999 ## - СИСТЕМНИ КОНТРОЛНИ НОМЕРА
Koha biblionumber 129517
Koha biblioitemnumber 129517
942 ## - АРТИКУЛИ
Вид на библиотечния материал Книги
Скрит в OPAC Не
Периодичен библиозапис Да
944 ## - СЪЗДАВАНЕ И РЕДАКЦИЯ на ЗАПИСА
Създаване/Редакция Създаване
Дата на регистрацията/редакция 18.10.2012
Статус, дата на статуса Геновева Генчева
Служител, извършил регистрацията/редакцията 30560
944 ## - СЪЗДАВАНЕ И РЕДАКЦИЯ на ЗАПИСА
Създаване/Редакция Редакция
Дата на регистрацията/редакция 18.10.2012
Статус, дата на статуса 18.10.2012 - от С1,Р / 18.10.2012
Наличности
Код за отписване Код за изгубен артикул Източник на класификационната схема Код за повреда Коз за рестрикции Код за отдаване Артикулен № Име на библиотеката - собственик Име на библиотеката, в която се намира в момента Статус (Текущо местоположение) Дата на вписване в системата Местоположение - отдел Цена в лева Инвентарен номер Систематично азбучна сигнатура Баркод Номер на екземпляра Цена в евро Служебна бележка Служебен тип на артикула
  Не е изгубен Universal Decimal Classification Не е повреден само за читалня ползва се в читалня 210476 Регионална библиотека "Любен Каравелов" Русе Регионална библиотека "Любен Каравелов" Русе Хранилище 1964-01-01 Хранилище 0.07 11814/64 Цб 30928 900000093029 1 0.04 Дата: 01.01.1964 Книги
Vip Innovations Ltd, Rousse, Bulgaria 2025